| 000 -CABECERA |
| Longitud fija campo de control |
00918nam a22002657a 4500 |
| 003 - IDENTIFICADOR DEL NÚMERO DE CONTROL |
| Identificador del número de control |
OSt |
| 005 - FECHA Y HORA DE LA ÚLTIMA TRANSACCIÓN |
| Fecha y hora de la última transacción |
20181218165049.0 |
| 008 - CÓDIGOS DE INFORMACIÓN DE LONGITUD FIJA |
| Códigos de información de longitud fija |
180123s2017 spca||| |||| 000 0 cat|d |
| 017 ## - NÚMERO DE COPYRIGHT O DE DEPÓSITO LEGAL |
| Número de copyright o de depósito legal |
DL B 18448-2017 |
| Agencia que asigna el número |
Biblioteca de Catalunya |
| 020 ## - NÚMERO INTERNACIONAL NORMALIZADO PARA LIBROS |
| Número Internacional Normalizado para Libros (ISBN) |
9788496645400 |
| Qualifying information |
(v. 1) |
| 040 ## - FUENTE DE LA CATALOGACIÓN |
| Centro catalogador de origen |
ES-BaUAB |
| Lengua de catalogación |
cat |
| Centro transcriptor |
CDMR |
| 100 1# - PUNTO DE ACCESO PRINCIPAL-NOMBRE DE PERSONA |
| Nombre de persona |
Cadena, Josep M. |
| Forma desarrollada del nombre |
(Josep Maria) |
| Fechas asociadas al nombre |
1935- |
| 9 (RLIN) |
2992 |
| 245 10 - MENCIÓN DE TÍTULO |
| Título |
Feliu Elias Apa / |
| Mención de responsabilidad, etc. |
Josep Maria Cadena |
| 260 ## - PUBLICACIÓN, DISTRIBUCIÓN, ETC. (PIE DE IMPRENTA) |
| Lugar de publicación, distribución, etc. |
Barcelona : |
| Nombre del editor, distribuidor, etc. |
Àmbit Serveis Editorials, |
| Fecha de publicación, distribución, etc. |
2017 |
| 300 ## - DESCRIPCIÓN FÍSICA |
| Extensión |
v. (437 pàgines) : |
| Otras características físicas |
il·lustracions ; |
| Dimensiones |
20 cm |
| 490 0# - MENCIÓN DE SERIE |
| Mención de serie |
Els Dibuixants del ¡Cu-Cut! |
| 505 8# - NOTA DE CONTENIDO CON FORMATO |
| Nota de contenido con formato |
Conté: 1. 1902-1905 -- 2. 1906-1908 |
| 600 14 - PUNTO DE ACCESO ADICIONAL DE MATERIA - NOMBRE DE PERSONA |
| Nombre de persona |
Elias, Feliu, |
| Fechas asociadas al nombre |
1878-1948 |
| 630 07 - PUNTO DE ACCESO ADICIONAL DE MATERIA - TÍTULO UNIFORME |
| Título uniforme |
Cu-Cut! |
| Fuente del encabezamiento o término |
lemac |
| 650 07 - PUNTO DE ACCESO ADICIONAL DE MATERIA - TÉRMINO DE MATERIA |
| Término de materia o nombre geográfico como elemento inicial |
Humorisme gràfic |
| Fuente del encabezamiento o término |
lemac |
| 9 (RLIN) |
3084 |
| Subdivisión geográfica |
Catalunya |
| 650 07 - PUNTO DE ACCESO ADICIONAL DE MATERIA - TÉRMINO DE MATERIA |
| Término de materia o nombre geográfico como elemento inicial |
Dibuixants |
| Subdivisión geográfica |
Catalunya |
| Subdivisión cronológica |
S. XX |
| Fuente del encabezamiento o término |
lemac |
| 9 (RLIN) |
3384 |
| 650 #7 - PUNTO DE ACCESO ADICIONAL DE MATERIA - TÉRMINO DE MATERIA |
| Término de materia o nombre geográfico como elemento inicial |
Il·lustradors |
| Subdivisión geográfica |
Catalunya |
| Subdivisión cronológica |
S. XX |
| Fuente del encabezamiento o término |
lemac |
| 700 1# - PUNTO DE ACCESO ADICIONAL - NOMBRE DE PERSONA |
| Nombre de persona |
Elias, Feliu, |
| Fechas asociadas al nombre |
1878-1948, |
| Término indicativo de función |
artista |
| 942 ## - ENTRADA DE ELEMENTOS AGREGADOS (KOHA) |
| Koha [por defecto] tipo de item |
Monografies |
| Fuente de clasificaión o esquema |
|